[Event "Milan Crespi op-B 34th"]
[Site "Milan"]
[Date "2013.12.08"]
[Round "6"]
[White "Nordio, Giorgio"]
[Black "Viotti, Alberto"]
[Result "1-0"]
[WhiteElo "1666"]
[BlackElo "1609"]
[PlyCount "37"]
[EventDate "2013.12.04"]
[EventType "swiss"]
[EventRounds "7"]
[EventCountry "ITA"]
[SourceTitle "EXT 2015"]
[Source "ChessBase"]
[SourceDate "2014.11.20"]
[SourceVersion "1"]
[SourceVersionDate "2014.11.20"]
[SourceQuality "1"]

1. c4 c5 2. g3 g6 3. Bg2 Bg7 4. Nc3 Nc6 5. Nf3 d6 6. 0-0 Nf6 7. d3 0-0 8. a3 a6 9. Rb1 a5 10. Bd2 Bd7 11. Qc2 Na7 12. b4 axb4 13. axb4 b6 14. b5 d5 15. cxd5 c4 16. dxc4 Rc8 17. Qa2 Qc7 18. Rb4 Qd6 19. Ra4 1-0